Sports Quiz

Random Sports or Baseball Quiz

Opening Day Lineups: Red Sox Quiz Stats

Quiz Updated Apr 2, 2018

Challenge
Share
Tweet
Embed
Score 0/279 Timer 19:00
10 Plays Today
Year Player % Correct
2004David Ortiz
97.9%
2005David Ortiz
97.9%
2007David Ortiz
97.9%
2008David Ortiz
97.9%
2009David Ortiz
97.9%
2010David Ortiz
97.9%
2006David Ortiz
97.7%
2011David Ortiz
97.6%
2012David Ortiz
97.6%
2014David Ortiz
97.4%
2015David Ortiz
97.1%
2016David Ortiz
96.7%
2004Manny Ramirez
94.5%
2003Manny Ramirez
94.5%
2002Manny Ramirez
94.5%
2001Manny Ramirez
94.5%
2005Manny Ramirez
94.5%
2006Manny Ramirez
94.5%
2007Manny Ramirez
94.5%
2008Manny Ramirez
94.5%
2011Dustin Pedroia
93.8%
2012Dustin Pedroia
93.8%
2013Dustin Pedroia
93.7%
2014Dustin Pedroia
93.6%
2007Dustin Pedroia
93.2%
2008Dustin Pedroia
93.2%
2009Dustin Pedroia
93.2%
2010Dustin Pedroia
93.2%
2015Dustin Pedroia
93%
2015Hanley Ramirez
92.7%
2016Dustin Pedroia
92.4%
2016Hanley Ramirez
92.1%
1998Pedro Martinez
91.4%
1999Pedro Martinez
91.4%
2000Pedro Martinez
91.4%
2001Pedro Martinez
91.4%
2002Pedro Martinez
91.4%
2003Pedro Martinez
91.4%
2004Pedro Martinez
91.4%
2017Dustin Pedroia
91.2%
2004Jason Varitek
91%
2003Jason Varitek
91%
2002Jason Varitek
91%
2001Jason Varitek
91%
2000Jason Varitek
91%
2005Jason Varitek
91%
2006Jason Varitek
91%
2007Jason Varitek
91%
2008Jason Varitek
91%
2009Jason Varitek
91%
2010Victor Martinez
90.9%
2017Hanley Ramirez
90.7%
2017Mookie Betts
85.9%
2016Mookie Betts
85.2%
2008Jacoby Ellsbury
84.5%
2009Jacoby Ellsbury
84.5%
2010Jacoby Ellsbury
84.5%
2011Jacoby Ellsbury
84.4%
2012Jacoby Ellsbury
84.4%
2013Jacoby Ellsbury
83.9%
2006Kevin Youkilis
83.3%
2007Kevin Youkilis
83.3%
2008Kevin Youkilis
83.3%
2009Kevin Youkilis
83.3%
2010Kevin Youkilis
83.3%
1997Nomar Garciaparra
83.1%
1998Nomar Garciaparra
83.1%
1999Nomar Garciaparra
83.1%
2003Nomar Garciaparra
83.1%
2002Nomar Garciaparra
83.1%
2000Nomar Garciaparra
83.1%
2018Hanley Ramirez
82.8%
2018J.D. Martinez
82.6%
2015Mookie Betts
82.5%
2009Josh Beckett
82.2%
2010Josh Beckett
82.2%
2004Johnny Damon
81.6%
2003Johnny Damon
81.6%
2002Johnny Damon
81.6%
2005Johnny Damon
81.6%
2013Jon Lester
80.6%
2011Jon Lester
80.5%
2012Jon Lester
80.5%
2017Jackie Bradley, Jr.
80%
2014Jon Lester
79.7%
2016Jackie Bradley, Jr.
79.4%
2016David Price
78%
2007J.D. Drew
77.5%
2009J.D. Drew
77.5%
2010J.D. Drew
77.5%
2016Xander Bogaerts
77.5%
2006Curt Schilling
77.1%
2007Curt Schilling
77.1%
Year Player % Correct
2017Xander Bogaerts
76.8%
2006Mike Lowell
76.2%
2007Mike Lowell
76.2%
2008Mike Lowell
76.2%
2009Mike Lowell
76.2%
2011Kevin Youkilis
75.6%
2012Kevin Youkilis
75.6%
2015Xander Bogaerts
75.3%
2018Mookie Betts
74.3%
2011Adrian Gonzalez
74.1%
2012Adrian Gonzalez
74%
2014Xander Bogaerts
72.6%
2015Pablo Sandoval
72.5%
2017Pablo Sandoval
72.1%
2018Chris Sale
71.1%
1991Roger Clemens
70.9%
1992Roger Clemens
70.9%
1993Roger Clemens
70.9%
1994Roger Clemens
70.9%
1996Roger Clemens
70.9%
2017Rick Porcello
70.8%
2018Jackie Bradley, Jr.
69.9%
2013Jackie Bradley, Jr.
69.5%
1999Trot Nixon
69.4%
2003Trot Nixon
69.4%
2002Trot Nixon
69.4%
2001Trot Nixon
69.4%
2006Trot Nixon
69.4%
1994Otis Nixon
68.3%
1992Mo Vaughn
67.8%
1993Mo Vaughn
67.8%
1994Mo Vaughn
67.8%
1995Mo Vaughn
67.8%
1997Mo Vaughn
67.8%
1996Mo Vaughn
67.8%
1998Mo Vaughn
67.8%
2018Xander Bogaerts
66.4%
2004Bill Mueller
65.8%
2005Bill Mueller
65.8%
2013Mike Napoli
65.6%
2004Kevin Millar
64.6%
2003Kevin Millar
64.6%
2005Kevin Millar
64.6%
2014Mike Napoli
63.9%
2011Jarrod Saltalamacchia
63.5%
2012Jarrod Saltalamacchia
63.5%
2013Jarrod Saltalamacchia
63.3%
2006Alex Gonzalez
62.9%
1991Wade Boggs
62.7%
1992Wade Boggs
62.7%
2017Andrew Benintendi
62.1%
2010Adrian Beltre
62.1%
2018Andrew Benintendi
61.7%
2017Mitch Moreland
61.5%
2017Sandy Leon
60.1%
2011Carl Crawford
59%
2013Shane Victorino
57%
2009Jason Bay
56.6%
2005Edgar Renteria
56.3%
2013Will Middlebrooks
55.9%
2015Clay Buchholz
55.6%
2010Mike Cameron
54.8%
2016Travis Shaw
53.5%
2014Will Middlebrooks
52.9%
2004Mark Bellhorn
52.6%
2005Mark Bellhorn
52.6%
2015Shane Victorino
51.1%
2006Coco Crisp
50.5%
2007Coco Crisp
50.5%
2018Rafael Devers
49.8%
2016Brock Holt
49.6%
2010Marco Scutaro
49.2%
2018Christian Vazquez
48.2%
2013Jonny Gomes
47.9%
2007Julio Lugo
47.7%
2008Julio Lugo
47.7%
2018Eduardo Nunez
47.6%
2016Blake Swihart
47.5%
1991Mike Greenwell
44.9%
1992Mike Greenwell
44.9%
1993Mike Greenwell
44.9%
1994Mike Greenwell
44.9%
1995Mike Greenwell
44.9%
1996Mike Greenwell
44.9%
2008Daisuke Matsuzaka
43.5%
2012Cody Ross
41.6%
1994John Valentin
41.5%
1995John Valentin
41.5%
1997John Valentin
41.5%
1996John Valentin
41.5%
1998John Valentin
41.5%
1999John Valentin
41.5%
2000John Valentin
41.5%
Year Player % Correct
2004Pokey Reese
41.1%
2009Jed Lowrie
40.5%
2014Daniel Nava
40.4%
1996Troy O'Leary
38.6%
1998Troy O'Leary
38.6%
1999Troy O'Leary
38.6%
2001Troy O'Leary
38.6%
2000Troy O'Leary
38.6%
2011Mike Cameron
38.2%
2014A.J. Pierzynski
38.2%
2015Ryan Hanigan
36.9%
2013Jose Iglesias
36%
2011Marco Scutaro
35.1%
1991Ellis Burks
34.9%
1992Ellis Burks
34.9%
2001Carl Everett
34.9%
2000Carl Everett
34.9%
1991Tony Pena
34.4%
1992Tony Pena
34.4%
1993Tony Pena
34.4%
1995Jose Canseco
34%
1996Jose Canseco
34%
2005David Wells
33.6%
2003Todd Walker
32.9%
2003Shea Hillenbrand
32.6%
2002Shea Hillenbrand
32.6%
2001Shea Hillenbrand
32.6%
1999Jose Offerman
32.2%
2002Jose Offerman
32.2%
2000Jose Offerman
32.2%
1997Mike Stanley
32%
1996Mike Stanley
32%
1999Mike Stanley
32%
2000Mike Stanley
32%
2014Grady Sizemore
30.9%
1991Jack Clark
30.6%
1992Jack Clark
30.6%
2002Tony Clark
30.6%
2006Mark Loretta
29.6%
2004Gabe Kapler
28.8%
1998Darren Lewis
27%
1999Darren Lewis
27%
2000Darren Lewis
27%
2014Mike Carp
26.5%
2012Mike Aviles
26%
1998Scott Hatteberg
26%
1999Scott Hatteberg
26%
1991Jody Reed
25.9%
1992Jody Reed
25.9%
1991Tim Naehring
25%
1995Tim Naehring
25%
1997Tim Naehring
25%
1996Tim Naehring
25%
2003Jeremy Giambi
25%
2001Brian Daubach
24.3%
1993Scott Cooper
24.1%
1994Scott Cooper
24.1%
2012Ryan Sweeney
23.2%
1993Andre Dawson
23.1%
1994Andre Dawson
23.1%
1991Tom Brunansky
21.6%
1998Reggie Jefferson
21.3%
2002Rey Sanchez
20.9%
1995Aaron Sele
19.8%
2008Brandon Moss
19.4%
1998Darren Bragg
18.7%
1999Jeff Frye
18.6%
1997Tom Gordon
18%
1991Carlos Quintana
17.7%
2005Jay Payton
16.8%
1992Luis Rivera
15.9%
1993Luis Rivera
15.9%
1993Scott Fletcher
15.5%
1994Scott Fletcher
15.5%
1997Wil Cordero
15.4%
1996Wil Cordero
15.4%
1992Phil Plantier
15.2%
1995Luis Alicea
14.9%
1993Billy Hatcher
14.5%
1994Billy Hatcher
14.5%
1995Mike Macfarlane
13.7%
2000Gary Gaetti
13.5%
1995Lee Tinsley
13%
2001Chris Stynes
12.9%
1995Mark Whiten
12.9%
1997Bill Haselman
12.5%
1994Dave Valle
11.9%
2001Craig Grebeck
11.6%
1993Ivan Calderon
11%
1998Donnie Sadler
10.7%
1996Dwayne Hosey
10.4%
1997Rudy Pemberton
10.4%
1997Shane Mack
10%

You're not logged in!

Compare scores with friends on all Sporcle quizzes.
Sign Up with Email
OR
Log In

You Might Also Like...

Show Comments

Extras

Top Quizzes Today


Score Distribution

Your Account Isn't Verified!

In order to create a playlist on Sporcle, you need to verify the email address you used during registration. Go to your Sporcle Settings to finish the process.

Report this User

Report this user for behavior that violates our Community Guidelines.

Details: